000 00425nam a2200169Ia 4500
008 230524s9999 xx 000 0 und d
020 _a9780195673913
082 _bGHO
100 _aAshitava Ghosal
_942629
245 0 _aRobotics: Fundamental Concepts and Analysis
250 _a8
260 _aNew Delhi
_bOxford
_c2013
300 _a"XV,413p;"
500 _aQuantity Number: 1
650 _aElectronics
942 _cBK
999 _c57640
_d57640